| 000 | 00973nam0a22002771 4500 | ||
|---|---|---|---|
| 001 | rc\4193475 | ||
| 005 | 20250611125714.0 | ||
| 021 |
_aRU _b[53-8936] |
||
| 035 | _a(NLR Aleph) 008198703 | ||
| 090 |
_a8022817 _c8022817 |
||
| 100 | _a20130415d1953 |||y0rusy50 ca | ||
| 101 | 0 | _arus | |
| 102 | _aRU | ||
| 105 | _aa z ||||| | ||
| 200 | 1 |
_aКолхоз "Гигант" — передовое овцеводческое хозяйство _e[Сарпин. район |
|
| 210 |
_aСталинград] _cСталингр. кн. изд-во _d1953 |
||
| 215 |
_a40 с. _cил. _d20 |
||
| 225 | 1 | _aБиблиотечка колхозника | |
| 606 |
_aОвцеводческие колхозы _yСталинградская область _2psbo |
||
| 700 | 1 |
_aТрофимов _bП.В. _gПетр Васильевич |
|
| 701 | 1 |
_aЧапа _bГ.Н. |
|
| 801 | 0 |
_aRU _bNLR _gpsbo |
|
| 801 | 1 |
_aRU _bELAR _2rusmarc |
|
| 852 |
_aNLR _jС90 Г-4/1886 |
||
| 942 | _cBOOK | ||
| 980 | _aNB | ||